000 00642nam a2200217Ii 4500
003 JO-AjNU
008 230606s9999||||xx |||||||||||||| ||und||
020 _a1-292-35354-6/ 978-1-292-35354-8
040 _aJO-AjNU
_beng
_erda
_cJO-AjNU
041 _aeng
050 1 4 _aBF121.C522 2021
100 3 _aCiccarelli,Saundra K / White J.Noland,
_eauthor
_96226
245 0 0 _aPsychology
250 _a6th ed
264 3 1 _aHarlow:Pearson,2021
300 _a650p
_bIncludes bibliographical references
336 _atext
_btxt
_2rdacontent
337 _aunmediated
_bn
_2rdamedia
338 _avolume
_bnc
_2rdacarrier
650 4 _aPsychology
_96227
999 _aE3231
_c3227
_d3227